Proceedings. (Record no. 58774)
[ view plain ]
| 000 -LEADER | |
|---|---|
| fixed length control field | 00962cam a22002651 4500 |
| 001 - CONTROL NUMBER | |
| control field | sa 64004822 |
| 003 - CONTROL NUMBER IDENTIFIER | |
| control field | DLC |
| 005 - DATE AND TIME OF LATEST TRANSACTION | |
| control field | 20260227112028.0 |
| 008 - FIXED-LENGTH DATA ELEMENTS--GENERAL INFORMATION | |
| fixed length control field | 840920s1963 ii b b f100 0 eng |
| 010 ## - LIBRARY OF CONGRESS CONTROL NUMBER | |
| LC control number | sa 64004822 |
| 025 ## - OVERSEAS ACQUISITION NUMBER | |
| Overseas acquisition number | PL480:I-E-2596 |
| 040 ## - CATALOGING SOURCE | |
| Original cataloging agency | DLC/ICU |
| Transcribing agency | ICU |
| Modifying agency | DLC |
| 043 ## - GEOGRAPHIC AREA CODE | |
| Geographic area code | a-ii--- |
| 050 00 - LIBRARY OF CONGRESS CALL NUMBER | |
| Classification number | Q127.I4 |
| Item number | S9 1961 |
| 111 2# - MAIN ENTRY--MEETING NAME | |
| Meeting name or jurisdiction name as entry element | Symposium on the History of Sciences in India |
| Date of meeting or treaty signing | (1961 : |
| Location of meeting | Calcutta, India) |
| 245 00 - TITLE STATEMENT | |
| Title | Proceedings. |
| 260 ## - PUBLICATION, DISTRIBUTION, ETC. | |
| Place of publication, distribution, etc. | New Delhi, |
| Name of publisher, distributor, etc. | National Institute of Sciences of India, |
| Date of publication, distribution, etc. | 1963. |
| 300 ## - PHYSICAL DESCRIPTION | |
| Extent | viii, 343 p. |
| Other physical details | maps (1 fold. col.) |
| Dimensions | 25 cm. |
| 490 1# - SERIES STATEMENT | |
| Series statement | National Institute of Sciences of India. Bulletin, |
| Volume/sequential designation | no. 21 |
| 500 ## - GENERAL NOTE | |
| General note | Symposium organised by the National Institute of Sciences of India. |
| 504 ## - BIBLIOGRAPHY, ETC. NOTE | |
| Bibliography, etc. note | Includes bibliographies. |
| 650 #0 - SUBJECT ADDED ENTRY--TOPICAL TERM | |
| Topical term or geographic name entry element | Science |
| Geographic subdivision | India |
| General subdivision | History. |
| 710 2# - ADDED ENTRY--CORPORATE NAME | |
| Corporate name or jurisdiction name as entry element | National Institute of Sciences of India. |
| 830 #0 - SERIES ADDED ENTRY--UNIFORM TITLE | |
| Uniform title | Bulletin of the National Institute of Sciences of India ; |
| Volume/sequential designation | no. 21. |
No items available.